000 01310nam a22003017a 4500
005 20240530110446.0
008 150428s2008 ua bod f b 000 0dara d
017 _a2008/27215
_bمصر . دار الكتب المصرية
020 _a9789774201724
040 _aEG-CaGPL
082 0 4 _221
_a551.7009
_bق/م ر
100 _aمحمد فتحى عوض الله
245 1 0 _aرحلات جيولوجية فى صحراء مصر الشرقية /
_cمحمد فتحى عوض الله
250 _aط1
260 _aالقاهرة :
_bالهيئة المصرية العامة للكتاب ،
_c2008 .
300 _a648 ص :
_bايض ؛
_c24 سم
490 0 _aالالف كتاب الثانى
504 _aببليوجرافية : ص 608 - 637
650 0 4 _aالصحراء الشرقية
650 0 4 _aالصحراء الشرقية
_xالجغرافيا الطبيعية
650 0 4 _aالبراكين
_xالصحراء الشرقية
650 0 4 _aالمعادن
_xالصحراء الشرقية
650 0 4 _aالصحراء الشرقية
_xالغطاء الرسوبى
650 0 4 _aالصحراء الشرقية
_xالابحاث الجيولوجية
650 0 4 _aالصحراء الشرقية
_xالدهور الجيولوجية
942 _2ddc
_cBK
999 _c61156
_d61156